Vplyv osovej sily na šmykovú odolnosť betónových nosníkov

Uložené v:
Podrobná bibliografia
Hlavný autor: Baran, Jaroslav (Autor)
Ďalší autori: Borzovič, Viktor (Vedúci práce)
Médium: Rukopis Kniha
Jazyk:Slovak
Vydavateľské údaje: 2025
Predmet:
On-line prístup:http://is.stuba.sk/zp/portal_zp.pl?podrobnosti=165632
Tagy: Pridať tag
Žiadne tagy, Buďte prvý, kto otaguje tento záznam!

MARC

LEADER 00000ntm a22000003a 4500
001 stuzp82109
003 SK-STU
005 20250830210331.5
007 ta
008 150427s2015----xo-----f-mn---000-0-slo-d
040 |a STU  |b slo 
041 0 |a slo 
100 1 |a Baran, Jaroslav  |u 010110  |4 aut  |U SvF Stavebná fakulta  |T SvF Katedra betónových konštrukcií a mostov  |X 75473  |U V110  |Y 11  |7 75473 
242 0 1 |a The influence of axial force on the shear resistance of concrete beams  |y eng 
245 1 0 |a Vplyv osovej sily na šmykovú odolnosť betónových nosníkov 
260 |c 2025 
650 4 |a šmyková odolnosť  |2 slo 
650 4 |a predpäté nosníky  |2 slo 
650 4 |a nelineárny model  |2 slo 
650 4 |a stupeň vystuženia  |2 slo 
650 4 |a experiment  |2 slo 
650 4 |a prestressed beams  |2 eng 
650 4 |a shear reinforcement ratio  |2 eng 
650 4 |a experiment  |2 eng 
650 4 |a shear resistance  |2 eng 
650 4 |a nonlinear model  |2 eng 
700 1 |a Borzovič, Viktor  |u 010110  |k Z1  |4 ths  |U SvF Stavebná fakulta  |T SvF Katedra betónových konštrukcií a mostov  |X 3688  |U V110  |Y 11  |7 A000003688 
856 4 |u http://is.stuba.sk/zp/portal_zp.pl?podrobnosti=165632